MARC

LEADER 00000nam0a2200000 4500
001 74723
005 20231101212755.0
035 |a (RuTPU)RU\TPU\book\79695 
035 |a RU\TPU\book\79383 
035 |a RU\TPU\book\79693 
090 |a 74723 
100 |a 20050304d1960 k y0rusy50 ca 
101 0 |a rus 
102 |a RU 
105 |a a z 001zy 
200 1 |a Автомобильный транспорт на открытых горных разработках  |e [сборник]  |f Академия наук СССР (АН СССР), Уральский филиал (УФ), Горно-геологический институт 
210 |a Свердловск  |c Изд-во УФ АН СССР  |d 1960 
215 |a 103 с.  |c ил. 
225 1 |a Труды Горно-геологического института  |v Вып. 55 
320 |a Библиогр. в конце ст. 
606 1 |a Карьерный транспорт  |2 stltpush  |3 (RuTPU)RU\TPU\subj\13947  |9 40479 
610 1 |a автомобильный транспорт 
610 1 |a автосамосвалы 
610 1 |a карьеры 
610 1 |a автодороги 
610 1 |a безопасность 
675 |a 622.68  |v 3 
712 0 2 |a Академия наук СССР (АН СССР)  |b Уральский филиал (УФ)  |b Горно-геологический институт  |c (Свердловск)  |c (1939-1962)  |2 stltpush  |3 (RuTPU)RU\TPU\col\18550 
801 1 |a RU  |b 63413507  |c 20050311  |g PSBO 
801 2 |a RU  |b 63413507  |c 20181018  |g PSBO 
942 |c BK